Žolík verejnej dopravy
Bratislava odštartuje v decembri integrovaný systém dopravy. Cestujúci s predplatenou kartou budú môcť v rámci celého mesta a regiónu Záhoria voľne kombinovať vlaky, prímestské autobusy a MHD bez ohľadu na dopravcu. A to lacnejšie ako platia za pravidelné cestovanie dnes.
Salvato in:
| Autore principale: | |
|---|---|
| Altri autori: | |
| Natura: | Capitolo di libro |
| Lingua: | slovacco |
| Soggetti: | |
| Tags: |
Nessun Tag, puoi essere il primo ad aggiungerne!!
|
MARC
| LEADER | 00000naa a2200000 4500 | ||
|---|---|---|---|
| 001 | 0158034 | ||
| 005 | 20231113080243.7 | ||
| 041 | 0 | |a slo | |
| 044 | |a SK | ||
| 245 | 1 | 0 | |a Žolík verejnej dopravy |c Katarína Šebejová, Jana Morháčová |
| 520 | |a Bratislava odštartuje v decembri integrovaný systém dopravy. Cestujúci s predplatenou kartou budú môcť v rámci celého mesta a regiónu Záhoria voľne kombinovať vlaky, prímestské autobusy a MHD bez ohľadu na dopravcu. A to lacnejšie ako platia za pravidelné cestovanie dnes. | ||
| 610 | 2 | 0 | |a systémy integrované dopravné |
| 610 | 2 | 0 | |a Slovensko |
| 100 | 1 | |a Šebejová, Katarína | |
| 700 | 1 | |a Morháčová, Jana | |